000 00452nam a2200169 i 4500
001 49197
003 ES-MaACL
005 20230906161913.0
007 t|
008 030710s1973 ag ||||1| spa d
100 1 _aCortázar, Julio.
_940823
245 1 0 _aLibro de Manuel /
_cJulio Cortázar.
250 _a2ª ed.
260 _aBuenos Aires :
_bEditorial Sudamericana,
_c[1973]
300 _a385 p. ;
_c20 cm.
852 _aES-MaACL
_jE-8200
_bR.92489
999 _c49197
_d49197